| Tag |
First Indicator |
Second Indicator |
Subfields |
| LEADER |
00000cas a2200000 4500 |
| 001 |
in00000076838 |
| 005 |
20151008054945.0 |
| 008 |
750709d19281978gw ar 1 b0ger |
| 010 |
|
|
|a sn 79018528
|
| 016 |
7 |
|
|a V02060000
|2 DNLM
|
| 016 |
7 |
|
|a 7503703
|2 DNLM
|
| 019 |
|
|
|a 1566388
|a 49488909
|
| 022 |
0 |
|
|a 0070-4075
|l 0070-4075
|2 z
|
| 029 |
1 |
|
|a NLM
|b 7503703
|
| 029 |
1 |
|
|a NLGGC
|b 850322006
|
| 029 |
1 |
|
|a AU@
|b 000020413833
|
| 029 |
1 |
|
|a ZWZ
|b 013626418
|
| 035 |
|
|
|a (OCoLC)ocm01439077
|
| 040 |
|
|
|a NLM
|b eng
|c NLM
|d NSD
|d UCU
|d NSD
|d MUL
|d OCL
|d WAU
|d DLC
|d NSD
|d RCS
|d NST
|d OCL
|d CUN
|d OCLCQ
|d UtOrBLW
|
| 042 |
|
|
|a nsdp
|
| 049 |
|
|
|a TXAM
|
| 060 |
0 |
0 |
|a W1
|b VE483QK
|
| 082 |
0 |
4 |
|a 616.108
|
| 090 |
|
|
|a RC667
|b .D4
|
| 222 |
|
0 |
|a Verhandlungen der Deutschen Gesellschaft für Kreislaufforschung
|
| 245 |
0 |
0 |
|a Verhandlungen der Deutschen Gesellschaft für Kreislaufforschung.
|
| 264 |
|
1 |
|a Darmstadt, [etc.] :
|b Steinkopff.
|
| 300 |
|
|
|a volumes :
|b illustrations
|
| 310 |
|
|
|a Annual
|
| 336 |
|
|
|a text
|b txt
|2 rdacontent
|
| 337 |
|
|
|a unmediated
|b n
|2 rdamedia
|
| 338 |
|
|
|a volume
|b nc
|2 rdacarrier
|
| 362 |
0 |
|
|a 1.-44. Tagung; 1928-1978.
|
| 515 |
|
|
|a No meetings were held 1942-48.
|
| 650 |
|
2 |
|a Cardiovascular Diseases
|v Congresses.
|
| 650 |
|
0 |
|a Heart
|x Diseases
|v Periodicals.
|
| 710 |
2 |
|
|a Deutsche Gesellschaft für Kreislaufforschung.
|
| 776 |
0 |
8 |
|i Online version:
|t Verhandlungen der Deutschen Gesellschaft für Kreislaufforschung
|w (OCoLC)592409832
|
| 776 |
0 |
8 |
|i Online version:
|t Verhandlungen der Deutschen Gesellschaft für Kreislaufforschung
|w (OCoLC)613721224
|
| 785 |
0 |
0 |
|a Deutsche Gesellschaft für Herz- und Kreislaufforschung.
|t Verhandlungen der Deutschen Gesellschaft für Herz- und Kreislaufforschung
|x 0174-2817
|w (DLC) 80644350
|
| 850 |
|
|
|a NjR
|
| 994 |
|
|
|a C0
|b TXA
|
| 949 |
|
|
|a updated
|b h
|c 2012/10/3
|e coplinger
|f 11:22:37 am
|
| 999 |
|
|
|a MARS
|
| 999 |
f |
f |
|s 54568013-7e66-3b9d-8f3a-584aa06e9f09
|i 757f625c-6f38-3cce-84b4-69041c0a2a80
|t 0
|
| 952 |
f |
f |
|p ric
|a Texas A&M University
|b Rellis Campus
|c Joint Library Facility
|d Remote Storage
|t 0
|e RC667 .D4
|h Library of Congress classification
|i unmediated -- volume
|k Bd.37
|l 1971
|m A14837938752
|
| 952 |
f |
f |
|p ric
|a Texas A&M University
|b Rellis Campus
|c Joint Library Facility
|d Remote Storage
|t 0
|e RC667 .D4
|h Library of Congress classification
|i unmediated -- volume
|k Bd.33-34
|l 1967/1968
|m A14834258234
|
| 952 |
f |
f |
|p ric
|a Texas A&M University
|b Rellis Campus
|c Joint Library Facility
|d Remote Storage
|t 0
|e RC667 .D4
|h Library of Congress classification
|i unmediated -- volume
|k Bd.35
|l 1969
|m A14837938833
|
| 952 |
f |
f |
|p ric
|a Texas A&M University
|b Rellis Campus
|c Joint Library Facility
|d Remote Storage
|t 0
|e RC667 .D4
|h Library of Congress classification
|i unmediated -- volume
|k Bd.31-32
|l 1965/1966
|m A14834258195
|
| 952 |
f |
f |
|p ric
|a Texas A&M University
|b Rellis Campus
|c Joint Library Facility
|d Remote Storage
|t 0
|e RC667 .D4
|h Library of Congress classification
|i unmediated -- volume
|k Bd.43
|l 1977
|m A14837938964
|
| 952 |
f |
f |
|p ric
|a Texas A&M University
|b Rellis Campus
|c Joint Library Facility
|d Remote Storage
|t 0
|e RC667 .D4
|h Library of Congress classification
|i unmediated -- volume
|k Bd.39
|l 1973
|m A14837938809
|
| 952 |
f |
f |
|p ric
|a Texas A&M University
|b Rellis Campus
|c Joint Library Facility
|d Remote Storage
|t 0
|e RC667 .D4
|h Library of Congress classification
|i unmediated -- volume
|k Bd.42
|l 1976
|m A14837938922
|
| 952 |
f |
f |
|p ric
|a Texas A&M University
|b Rellis Campus
|c Joint Library Facility
|d Remote Storage
|t 0
|e RC667 .D4
|h Library of Congress classification
|i unmediated -- volume
|k Bd.40
|l 1974
|m A14837938841
|
| 952 |
f |
f |
|p ric
|a Texas A&M University
|b Rellis Campus
|c Joint Library Facility
|d Remote Storage
|t 0
|e RC667 .D4
|h Library of Congress classification
|i unmediated -- volume
|k Bd.36
|l 1970
|m A14837938794
|
| 952 |
f |
f |
|p ric
|a Texas A&M University
|b Rellis Campus
|c Joint Library Facility
|d Remote Storage
|t 0
|e RC667 .D4
|h Library of Congress classification
|i unmediated -- volume
|k Bd.38
|l 1972
|m A14837938760
|
| 952 |
f |
f |
|p ric
|a Texas A&M University
|b Rellis Campus
|c Joint Library Facility
|d Remote Storage
|t 0
|e RC667 .D4
|h Library of Congress classification
|i unmediated -- volume
|k Bd.44
|l 1978
|m A14837939009
|
| 952 |
f |
f |
|p ric
|a Texas A&M University
|b Rellis Campus
|c Joint Library Facility
|d Remote Storage
|t 0
|e RC667 .D4
|h Library of Congress classification
|i unmediated -- volume
|k Bd.41
|l 1975
|m A14837938883
|
| 998 |
f |
f |
|a RC667 .D4
|s Bd.31-44 (1965-1978)
|t 0
|l Remote Storage
|